书目信息 |
| 题名: |
UNX系统安全
|
|
| 作者: | 高朋 | |
| 分册: | ||
| 出版信息: | 清华大学出版社 1999.06 |
|
| 页数: | 266页 | |
| 开本: | ||
| 丛书名: | ||
| 单 册: | ||
| 中图分类: | TP316.81 | |
| 科图分类: | ||
| 主题词: | 软件 | |
| 电子资源: | ||
| ISBN: | ||
| 000 | 00470nam0 2200193 45 | |
| 001 | 0308271083 | |
| 005 | 20030827105725.5 | |
| 010 | @d29.00元 | |
| 100 | @a20030827d1999 km y0chiy0120 ea | |
| 101 | @achi | |
| 105 | @a z 000yy | |
| 200 | 1 | @aUNX系统安全@AUNX xi tong an quan@f高朋@Fgao peng |
| 210 | @c清华大学出版社@d1999.06 | |
| 215 | @a266页 | |
| 606 | 0 | @a软件 |
| 690 | @aTP316.81@v3 | |
| 701 | 0 | @a高朋 |
| 801 | @aCN@b@c20030827 | |
| 905 | @aBZT@dTP316.81@e123 | |
| UNX系统安全/高朋.-清华大学出版社,1999.06 |
| 266页 |
| ISBN :29.00元 |
| ● |
| 相关链接 |
|
|
|
正题名:UNX系统安全
索取号:TP316.81/123
 
预约/预借
| 序号 | 登录号 | 条形码 | 馆藏地/架位号 | 状态 | 备注 |
| 1 | 106817 | 200048395 | 中心书库中库/ 中库027架A面1列4层8/ [索取号:TP316.81/123] | 在馆 |